[Event "Budapest SixDays 03 GM"]
[Site "Budapest"]
[Date "2024.03.31"]
[Round "3"]
[White "Uskov, Artem"]
[Black "Pribelszky, Bence"]
[Result "1/2-1/2"]
[WhiteElo "2420"]
[BlackElo "2368"]
[PlyCount "56"]
[EventDate "2024.03.30"]
[EventType "tourn"]
[EventRounds "9"]
[EventCountry "HUN"]
[EventCategory "7"]
[SourceTitle "CB15_2024"]
[SourceDate "2024.04.10"]
[SourceVersion "1"]
[SourceVersionDate "2024.04.10"]
[SourceQuality "1"]

1. e4 c5 2. Nf3 d6 3. d4 cxd4 4. Nxd4 Nf6 5. Nc3 Bd7 6. f3 e5 7. Nb3 Be7 8. Be3 0-0 9. Qd2 a5 10. a4 Na6 11. Bb5 Bc6 12. Nd5 Bxd5 13. exd5 b6 14. 0-0 Qc7 15. c4 Nd7 16. f4 Nac5 17. Nxc5 Nxc5 18. Rad1 Bf6 19. g4 exf4 20. Bxf4 Nd7 21. Rde1 Be5 22. Be3 Nc5 23. h3 f6 24. Rf3 Rf7 25. Ref1 Raf8 26. Kg2 Qc8 27. Qc2 Kh8 28. Kh1 Kg8 1/2-1/2

[Event "Moscow Aeroflot op-A"]
[Site "Moscow"]
[Date "2024.03.07"]
[Round "9"]
[White "Zemlyanskii, Ivan"]
[Black "Uskov, Artem"]
[Result "1/2-1/2"]
[WhiteElo "2529"]
[BlackElo "2392"]
[PlyCount "122"]
[EventDate "2024.03.03"]
[EventType "swiss"]
[EventRounds "9"]
[EventCountry "RUS"]
[SourceTitle "CB11_2024"]
[SourceDate "2024.03.13"]
[SourceVersion "1"]
[SourceVersionDate "2024.03.13"]
[SourceQuality "1"]

1. d4 Nf6 2. c4 e6 3. Nf3 d5 4. g3 Bb4+ 5. Nbd2 0-0 6. Bg2 b6 7. 0-0 Bb7 8. Ne5 Qc8 9. Qa4 Be7 10. cxd5 exd5 11. Ndf3 h6 12. Bf4 c5 13. dxc5 bxc5 14. Rac1 Nc6 15. Qb3 Nxe5 16. Nxe5 a5 17. a4 Rb8 18. Nf3 Ra8 19. Nd4 Ba6 20. Nb5 c4 21. Qd1 Bxb5 22. axb5 Qb7 23. Qa4 Rfc8 24. Rxc4 Rxc4 25. Qxc4 Rc8 26. Qd3 Rc5 27. b6 Rc6 28. Bc7 Bc5 29. Bd8 Rd6 30. Bxf6 Rxf6 31. e3 Qxb6 32. Qxd5 g6 33. Qc4 a4 34. Qc3 Bb4 35. Qd3 Bf8 36. Qd7 Qb4 37. Bd5 Kg7 38. Bc6 Rd6 39. Qe8 Re6 40. Qd7 Rd6 41. Qe8 Re6 42. Qa8 Qc4 43. Bd7 Rb6 44. Qxa4 Qxa4 45. Bxa4 Rxb2 46. Rd1 Rb7 47. Bc6 Rc7 48. Ba8 Ra7 49. Rd8 h5 50. h4 Be7 51. Rc8 Bd6 52. Bd5 Rc7 53. Ra8 Rc5 54. Bb3 Rc3 55. Bd5 Rc5 56. e4 Rc1+ 57. Kg2 Rc2 58. Kf1 Rc1+ 59. Kg2 Rc2 60. Ra7 Rxf2+ 61. Kxf2 Bc5+ 1/2-1/2

[Event "Moscow Aeroflot op-A"]
[Site "Moscow"]
[Date "2024.03.03"]
[Round "2"]
[White "Savchenko, Boris"]
[Black "Uskov, Artem"]
[Result "0-1"]
[WhiteElo "2479"]
[BlackElo "2392"]
[PlyCount "76"]
[EventDate "2024.03.03"]
[EventType "swiss"]
[EventRounds "9"]
[EventCountry "RUS"]
[SourceTitle "CB11_2024"]
[SourceDate "2024.03.13"]
[SourceVersion "1"]
[SourceVersionDate "2024.03.13"]
[SourceQuality "1"]

1. b3 d5 2. Bb2 c5 3. e3 a6 4. Nf3 Nc6 5. d4 Nf6 6. c4 cxd4 7. Nxd4 e6 8. Nc3 e5 9. Nxc6 bxc6 10. Be2 d4 11. exd4 exd4 12. Na4 c5 13. Bf3 Rb8 14. 0-0 Be7 15. Re1 0-0 16. Ba3 Nd7 17. Bc6 Bd6 18. Bxd7 Bxd7 19. Nxc5 Bc6 20. Nxa6 Ra8 21. Bxd6 Qxd6 22. b4 Rxa6 23. b5 Bxg2 24. Kxg2 Ra3 25. Qh5 Qf4 26. b6 d3 27. Qd5 d2 28. Red1 Rxa2 29. Rab1 Rb2 30. h3 Rxb1 31. Rxb1 Qf6 32. Kf1 Rd8 33. Qh5 Qc6 34. Kg1 Qg6+ 35. Qxg6 d1Q+ 36. Rxd1 Rxd1+ 37. Kg2 fxg6 38. c5 Rb1 0-1

[Event "Moscow-ch op Superfinal"]
[Site "Ershovo"]
[Date "2024.03.01"]
[Round "10"]
[White "Gareyev, Timur"]
[Black "Uskov, Artem"]
[Result "1-0"]
[WhiteElo "2558"]
[BlackElo "2392"]
[PlyCount "105"]
[EventDate "2024.02.23"]
[EventType "swiss"]
[EventRounds "10"]
[EventCountry "RUS"]
[SourceTitle "CB10_2024"]
[SourceDate "2024.03.06"]
[SourceVersion "1"]
[SourceVersionDate "2024.03.06"]
[SourceQuality "1"]

1. d4 d5 2. c4 c6 3. cxd5 cxd5 4. Bf4 Nf6 5. e3 a6 6. Bd3 Nc6 7. h3 e6 8. Nc3 Bd6 9. Nf3 0-0 10. 0-0 h6 11. Rc1 Bxf4 12. exf4 Bd7 13. Qd2 Rc8 14. Rfe1 b5 15. Bb1 Qb6 16. Ne2 Na5 17. b3 Rxc1 18. Rxc1 Rc8 19. Rxc8+ Bxc8 20. Ne5 Nc6 21. Qc3 Bb7 22. b4 Nxe5 23. fxe5 Nd7 24. Qc2 Nf8 25. f4 g6 26. Qd2 Qd8 27. Nc1 Nd7 28. Nb3 Nb6 29. Nc5 Nc4 30. Qe1 Bc8 31. Bd3 Kg7 32. Kh2 h5 33. g4 hxg4 34. hxg4 Nb6 35. Kg3 Nd7 36. Qc1 Nf8 37. Qa3 Qb6 38. Qa5 Qxa5 39. bxa5 Nd7 40. Nxd7 Bxd7 41. Kf3 Kf8 42. f5 exf5 43. gxf5 Bxf5 44. Bxf5 gxf5 45. Kf4 b4 46. Kxf5 Ke7 47. Kg4 Kd7 48. Kf4 Kd8 49. Kg5 Ke7 50. Kf5 Kd7 51. Kf6 Ke8 52. e6 Kf8 53. Ke5 1-0

[Event "Wch Blitz"]
[Site "Samarkand"]
[Date "2023.12.30"]
[Round "15"]
[White "Radjabov, Teimour"]
[Black "Uskov, Artem"]
[Result "1-0"]
[WhiteElo "2723"]
[BlackElo "2392"]
[PlyCount "111"]
[EventDate "2023.12.29"]
[EventType "swiss (blitz)"]
[EventRounds "21"]
[EventCountry "UZB"]
[SourceTitle "CB01_2024"]
[SourceDate "2024.01.03"]
[SourceVersion "1"]
[SourceVersionDate "2024.01.03"]
[SourceQuality "1"]

1. d4 Nf6 2. Nf3 d5 3. c4 e6 4. e3 b6 5. cxd5 exd5 6. Bb5+ c6 7. Bd3 Bd6 8. Nc3 Bb7 9. 0-0 0-0 10. b3 Nbd7 11. Bb2 a5 12. Ne2 Re8 13. Rc1 Qe7 14. Ng3 Ba3 15. Qc2 Bxb2 16. Qxb2 g6 17. Rfe1 a4 18. b4 a3 19. Qb3 Qd6 20. Bf1 b5 21. Rb1 Nb6 22. Ne5 Nc4 23. Nd3 Nd7 24. Qc3 f5 25. Nc5 Nxc5 26. bxc5 Qc7 27. Ne2 Qa5 28. Rb4 Bc8 29. Nf4 Be6 30. Reb1 Bf7 31. Be2 Qc7 32. Nd3 g5 33. g3 Bg6 34. Rd1 Re7 35. Rb3 Rf8 36. Bf1 f4 37. exf4 Bxd3 38. Bxd3 gxf4 39. Qc2 fxg3 40. hxg3 Rg7 41. Bf1 Qf4 42. Bg2 Qf6 43. Qe2 Kh8 44. Rf3 Qd8 45. Rxf8+ Qxf8 46. Qe6 Rg6 47. Qd7 Rf6 48. Re1 Qh6 49. Re8+ Rf8 50. Rxf8+ Qxf8 51. Qxc6 Qe7 52. Qc8+ Kg7 53. Qg4+ Kh8 54. Bxd5 Qd8 55. Qe6 Nd2 56. c6 1-0

[Event "Wch Blitz"]
[Site "Samarkand"]
[Date "2023.12.30"]
[Round "14"]
[White "Uskov, Artem"]
[Black "Dreev, Alexey"]
[Result "1-0"]
[WhiteElo "2392"]
[BlackElo "2606"]
[PlyCount "111"]
[EventDate "2023.12.29"]
[EventType "swiss (blitz)"]
[EventRounds "21"]
[EventCountry "UZB"]
[SourceTitle "CB01_2024"]
[SourceDate "2024.01.03"]
[SourceVersion "1"]
[SourceVersionDate "2024.01.03"]
[SourceQuality "1"]

1. Nf3 d5 2. e3 Nf6 3. c4 c6 4. b3 Bg4 5. Bb2 e6 6. Nc3 Nbd7 7. Be2 h6 8. h3 Bf5 9. d3 Be7 10. Qc2 0-0 11. g4 Bg6 12. Rg1 Qa5 13. h4 e5 14. g5 d4 15. gxf6 Bxf6 16. 0-0-0 dxc3 17. Bxc3 Qa3+ 18. Qb2 Qxb2+ 19. Kxb2 Rfe8 20. d4 exd4 21. Nxd4 Bxh4 22. Nf3 Bxf2 23. Rxg6 fxg6 24. Rxd7 Rxe3 25. Bd1 Rxc3 26. Kxc3 g5 27. Ne5 c5 28. Ng6 Bd4+ 29. Kc2 Kh7 30. Bh5 g4 31. Nh4 g3 32. Bg6+ Kh8 33. Be4 Re8 34. Kd3 Bf6 35. Ng6+ Kg8 36. Nf4 b6 37. Nh5 Bd4 38. Nxg3 Rf8 39. Nf5 h5 40. Nxd4 cxd4 41. Rxd4 Rf2 42. Bg6 Kf8 43. Bxh5 Rxa2 44. Rd7 g5 45. Ke4 a5 46. Kf5 Rb2 47. Kf6 Rf2+ 48. Ke6 Rb2 49. Rd3 Kg7 50. Rg3 Kh6 51. Rh3 Kg7 52. Bg4 Rf2 53. Bf5 Rg2 54. Rh7+ Kg8 55. Kf6 g4 56. Rc7 1-0

[Event "Wch Blitz"]
[Site "Samarkand"]
[Date "2023.12.30"]
[Round "20"]
[White "Uskov, Artem"]
[Black "Tsydypov, Zhamsaran"]
[Result "0-1"]
[WhiteElo "2392"]
[BlackElo "2530"]
[PlyCount "88"]
[EventDate "2023.12.29"]
[EventType "swiss (blitz)"]
[EventRounds "21"]
[EventCountry "UZB"]
[SourceTitle "CB01_2024"]
[SourceDate "2024.01.03"]
[SourceVersion "1"]
[SourceVersionDate "2024.01.03"]
[SourceQuality "1"]

1. Nf3 g6 2. g3 Bg7 3. Bg2 d6 4. d4 Nf6 5. c4 0-0 6. Nc3 Nbd7 7. 0-0 e5 8. e4 exd4 9. Nxd4 a6 10. h3 Rb8 11. b3 c5 12. Nde2 b5 13. Bg5 Qb6 14. Rb1 Re8 15. Qc2 b4 16. Nd5 Nxd5 17. exd5 Ne5 18. g4 f5 19. f3 Qc7 20. Rbe1 Bd7 21. Ng3 Nf7 22. Bc1 Be5 23. Ne2 a5 24. Bb2 a4 25. Bxe5 dxe5 26. gxf5 gxf5 27. Kh1 Rb6 28. Ng3 Rg6 29. Nxf5 Qc8 30. Ne3 Bxh3 31. Rg1 Bxg2+ 32. Rxg2 Qh3+ 33. Kg1 Ng5 34. Rf1 Nxf3+ 35. Rxf3 Qxf3 36. Rxg6+ Kh8 37. Rg2 Qxe3+ 38. Kh1 Rf8 39. Qe2 Qc1+ 40. Kh2 Qf4+ 41. Kg1 Rf6 42. Rh2 Qc1+ 43. Kg2 Rg6+ 44. Kf2 Qf4+ 0-1

[Event "Wch Blitz"]
[Site "Samarkand"]
[Date "2023.12.29"]
[Round "4"]
[White "Henriquez Villagra, Cristobal"]
[Black "Uskov, Artem"]
[Result "1-0"]
[WhiteElo "2607"]
[BlackElo "2392"]
[PlyCount "121"]
[EventDate "2023.12.29"]
[EventType "swiss (blitz)"]
[EventRounds "21"]
[EventCountry "UZB"]
[SourceTitle "CB01_2024"]
[SourceDate "2024.01.03"]
[SourceVersion "1"]
[SourceVersionDate "2024.01.03"]
[SourceQuality "1"]

1. e4 c5 2. Nf3 e6 3. d4 cxd4 4. Nxd4 Nc6 5. Nc3 Qc7 6. Be3 a6 7. a3 Nf6 8. Be2 Be7 9. f4 d6 10. Qd3 0-0 11. g4 Nxd4 12. Bxd4 e5 13. Bf2 exf4 14. g5 Nd7 15. Nd5 Qa5+ 16. b4 Qd8 17. Rd1 Bxg5 18. h4 Bf6 19. Qf3 Be5 20. Rg1 Nf6 21. Bb6 Qd7 22. Nxf6+ Bxf6 23. Qxf4 Be5 24. Qg5 Qc6 25. Bd4 Bxd4 26. Rxd4 Qc3+ 27. Qd2 Qxd2+ 28. Kxd2 Rd8 29. e5 d5 30. c4 Be6 31. c5 Rac8 32. Rc1 Rc7 33. a4 Rdc8 34. a5 Kf8 35. Bd3 Ke7 36. Rg1 g6 37. Rf1 Rf8 38. Rdf4 Rd7 39. Kc3 d4+ 40. Rxd4 Rxd4 41. Kxd4 Rd8+ 42. Kc3 Bc8 43. Rf6 Rd5 44. Bc4 Rxe5 45. Rxf7+ Kd8 46. Rxh7 Re3+ 47. Kd4 Rg3 48. Bd5 Rg1 49. Ke5 Bd7 50. Bxb7 Rb1 51. c6 Re1+ 52. Kd6 Rd1+ 53. Kc5 Rc1+ 54. Kb6 Be6 55. c7+ Ke8 56. Bxa6 Kf8 57. Bb5 Rd1 58. Bc6 Rc1 59. b5 Kg8 60. Re7 Bf5 61. a6 1-0

[Event "Wch Blitz"]
[Site "Samarkand"]
[Date "2023.12.29"]
[Round "5"]
[White "Mitrabha, Guha"]
[Black "Uskov, Artem"]
[Result "1-0"]
[WhiteElo "2508"]
[BlackElo "2392"]
[PlyCount "119"]
[EventDate "2023.12.29"]
[EventType "swiss (blitz)"]
[EventRounds "21"]
[EventCountry "UZB"]
[SourceTitle "CB01_2024"]
[SourceDate "2024.01.03"]
[SourceVersion "1"]
[SourceVersionDate "2024.01.03"]
[SourceQuality "1"]

1. Nf3 d5 2. c4 d4 3. g3 c5 4. Bg2 Nc6 5. 0-0 e5 6. e3 Bd6 7. exd4 cxd4 8. d3 Nf6 9. Bg5 h6 10. Bxf6 Qxf6 11. Nbd2 Qe7 12. a3 a5 13. Ne1 0-0 14. Nc2 a4 15. Rb1 Bf5 16. Qe2 Qc7 17. b4 axb3 18. Rxb3 Ra7 19. Rfb1 Rfa8 20. h4 Bf8 21. Bd5 Re8 22. Qf3 Bc8 23. Kh2 Nd8 24. Kg2 Kh8 25. Re1 Be6 26. Qe4 Bd6 27. Reb1 f5 28. Qf3 Bc8 29. Qh5 Rf8 30. Rb6 Nc6 31. R1b3 Bd7 32. Qf3 Bc5 33. R6b5 Na5 34. Rb1 Bxb5 35. Rxb5 b6 36. h5 Nb7 37. Rb1 Nd6 38. Qe2 Qe7 39. Nf3 e4 40. Nh4 Rf6 41. Ng6+ Rxg6 42. hxg6 Qf6 43. Nb4 Re7 44. Nc6 Re8 45. a4 Qxg6 46. a5 f4 47. dxe4 Nxe4 48. Qd3 f3+ 49. Kg1 Qg4 50. Re1 Nf6 51. Rxe8+ Nxe8 52. Bxf3 Qe6 53. a6 Nc7 54. a7 Qe1+ 55. Kg2 Qe6 56. Bd5 Qd6 57. Qe4 g6 58. Qg4 Kg7 59. Qc8 Nxd5 60. a8Q 1-0

[Event "Wch Blitz"]
[Site "Samarkand"]
[Date "2023.12.29"]
[Round "10"]
[White "Uskov, Artem"]
[Black "Petrosyan, Manuel"]
[Result "1/2-1/2"]
[WhiteElo "2392"]
[BlackElo "2619"]
[PlyCount "143"]
[EventDate "2023.12.29"]
[EventType "swiss (blitz)"]
[EventRounds "21"]
[EventCountry "UZB"]
[SourceTitle "CB01_2024"]
[SourceDate "2024.01.03"]
[SourceVersion "1"]
[SourceVersionDate "2024.01.03"]
[SourceQuality "1"]

1. e4 e5 2. Nf3 Nc6 3. Bb5 a6 4. Ba4 Nf6 5. 0-0 Be7 6. Re1 b5 7. Bb3 0-0 8. h3 Bb7 9. d3 d6 10. c3 Na5 11. Bc2 c5 12. d4 cxd4 13. cxd4 Nd7 14. Nbd2 Rc8 15. Nf1 Qc7 16. Bb1 exd4 17. Nxd4 Bf6 18. Bf4 Nc4 19. b3 Na3 20. Ng3 Qc3 21. e5 dxe5 22. Nde2 Qxa1 23. Bxh7+ Kxh7 24. Qxa1 exf4 25. Qd1 fxg3 26. Qxd7 gxf2+ 27. Kxf2 Be4 28. Nf4 Bg6 29. Qd6 Nc2 30. Re2 Nd4 31. Rd2 Rfd8 32. Qxa6 Bh4+ 33. g3 Ra8 34. Qb7 Bf6 35. Nd5 Be5 36. Nf4 Bxf4 37. gxf4 Ne6 38. Rxd8 Rxd8 39. Qxb5 Nxf4 40. h4 Ne6 41. h5 Bd3 42. Qe5 Bb1 43. a4 Bc2 44. Qc3 Bd1 45. b4 Bxa4 46. Qc4 Rb8 47. Qe4+ Kg8 48. Qg4 Bc2 49. h6 Bg6 50. hxg7 Kxg7 51. Qc4 Rd8 52. b5 Bd3 53. Qc3+ Kg8 54. b6 Be4 55. Qg3+ Kf8 56. Qa3+ Kg8 57. Qg3+ Kf8 58. Qa3+ Kg7 59. Qc3+ Kg6 60. Qe5 Ba8 61. Qg3+ Kf6 62. Qh4+ Ke5 63. Qe7 f5 64. b7 Bxb7 65. Qxb7 Rd2+ 66. Ke3 Rd3+ 67. Kf2 Nd4 68. Qe7+ Ne6 69. Qb4 Rd4 70. Qc3 Kd5 71. Qf3+ Re4 72. Qxf5+ 1/2-1/2

[Event "Wch Blitz"]
[Site "Samarkand"]
[Date "2023.12.29"]
[Round "2"]
[White "Yakubboev, Nodirbek"]
[Black "Uskov, Artem"]
[Result "1/2-1/2"]
[WhiteElo "2661"]
[BlackElo "2392"]
[PlyCount "153"]
[EventDate "2023.12.29"]
[EventType "swiss (blitz)"]
[EventRounds "21"]
[EventCountry "UZB"]
[SourceTitle "CB01_2024"]
[SourceDate "2024.01.03"]
[SourceVersion "1"]
[SourceVersionDate "2024.01.03"]
[SourceQuality "1"]

1. e4 c5 2. Nf3 e6 3. c3 Nf6 4. e5 Nd5 5. a3 d6 6. d4 cxd4 7. c4 Nc7 8. Qxd4 Nc6 9. Qf4 Be7 10. Nc3 0-0 11. Be3 dxe5 12. Nxe5 Bd6 13. Nxc6 Bxf4 14. Nxd8 Bxe3 15. fxe3 Rxd8 16. Be2 Rb8 17. Kf2 b6 18. Rhd1 Bb7 19. b4 Kf8 20. a4 Na6 21. Rab1 Ke7 22. Rb2 Rxd1 23. Bxd1 Rc8 24. Be2 Nb8 25. c5 Nd7 26. Nb5 bxc5 27. Nxa7 Ra8 28. Nb5 Rxa4 29. bxc5 Nxc5 30. h4 Rxh4 31. Nd4 Bd5 32. Rc2 Ne4+ 33. Kg1 Ng3 34. Bf3 Rh1+ 35. Kf2 Ne4+ 36. Bxe4 Bxe4 37. Rc7+ Kf6 38. Nb5 Rd1 39. Nc3 Rd2+ 40. Ke1 Rxg2 41. Nxe4+ Kg6 42. Nd6 f6 43. Kf1 Rg5 44. Ne8 Kh6 45. Kf2 Rf5+ 46. Ke2 Rg5 47. Kf3 Rf5+ 48. Kg3 Rg5+ 49. Kf3 Rf5+ 50. Ke4 Re5+ 51. Kd3 Rd5+ 52. Ke2 Rg5 53. Nd6 Rd5 54. Ne4 Kg6 55. Nc5 Rd6 56. Re7 f5 57. Rxe6+ Rxe6 58. Nxe6 Kf6 59. Nf4 g5 60. Nd3 Ke6 61. Kf3 Kd5 62. Nb4+ Ke5 63. Nc6+ Kf6 64. Nd4 Ke5 65. Nc6+ Kf6 66. Nb4 Ke5 67. Nd3+ Kd5 68. Nf2 Ke5 69. Nd3+ Kd5 70. Nb4+ Ke5 71. Nc6+ Kf6 72. Nd4 Ke5 73. Ne2 f4 74. exf4+ gxf4 75. Nxf4 Kf5 76. Kg3 h5 77. Nxh5 1/2-1/2

[Event "Pozarevac Rudar GM 11"]
[Site "Pozarevac"]
[Date "2023.11.02"]
[Round "3.5"]
[White "Uskov, Artem"]
[Black "Spasov, Vasil"]
[Result "1-0"]
[WhiteElo "2380"]
[BlackElo "2480"]
[PlyCount "85"]
[EventDate "2023.10.31"]
[EventType "tourn"]
[EventRounds "9"]
[EventCountry "SRB"]
[EventCategory "7"]
[SourceTitle "CB46_2023"]
[SourceDate "2023.11.15"]
[SourceVersion "1"]
[SourceVersionDate "2023.11.15"]
[SourceQuality "1"]

1. d4 d6 2. e4 Nf6 3. Nc3 e5 4. Nge2 c6 5. h3 b5 6. a3 h5 7. g3 Nbd7 8. Bg2 Bb7 9. 0-0 Be7 10. Be3 0-0 11. f4 Re8 12. Qe1 a5 13. Rd1 Qc7 14. b4 axb4 15. axb4 Ra3 16. Qf2 Bf8 17. Bf3 Qc8 18. Qg2 Re6 19. Bc1 Ra1 20. g4 hxg4 21. hxg4 exf4 22. Nxf4 Re8 23. g5 Nh7 24. g6 fxg6 25. Nxg6 Qc7 26. Kh1 Re6 27. Qg4 Rf6 28. Bg2 Bc8 29. Qh5 Rxf1+ 30. Rxf1 Ndf6 31. Qh2 Qf7 32. Nxf8 Nxf8 33. Qxd6 Ne6 34. d5 cxd5 35. Nxd5 Qh5+ 36. Kg1 Ng4 37. c3 Kh7 38. Qg3 Ne5 39. Ne7 Bb7 40. Nf5 Ra2 41. Qxe5 Rxg2+ 42. Kxg2 Qe2+ 43. Kg1 1-0

[Event "Pozarevac Rudar GM 11"]
[Site "Pozarevac"]
[Date "2023.11.01"]
[Round "2.1"]
[White "Dimitrov, Radoslav"]
[Black "Uskov, Artem"]
[Result "1-0"]
[WhiteElo "2499"]
[BlackElo "2380"]
[PlyCount "133"]
[EventDate "2023.10.31"]
[EventType "tourn"]
[EventRounds "9"]
[EventCountry "SRB"]
[EventCategory "7"]
[SourceTitle "CB46_2023"]
[SourceDate "2023.11.15"]
[SourceVersion "1"]
[SourceVersionDate "2023.11.15"]
[SourceQuality "1"]

1. e4 c5 2. c3 Nf6 3. e5 Nd5 4. Bc4 Nb6 5. Bb3 Nc6 6. Nf3 d5 7. exd6 c4 8. Bc2 Qxd6 9. 0-0 Bg4 10. Qe2 e6 11. b3 Qf4 12. Be4 Bd6 13. g3 Qf6 14. d4 cxd3 15. Qxd3 Bxf3 16. Bxf3 Rd8 17. Qe2 0-0 18. Bb2 Be5 19. Rc1 Nd5 20. Nd2 Qg6 21. Bg2 Bf4 22. Be4 Qh6 23. Bxd5 Rxd5 24. gxf4 Qxf4 25. Nf1 Ne5 26. Kg2 Ng6 27. c4 Qh4 28. Kh1 Nf4 29. Qf3 Rg5 30. Rc3 Rg2 31. Rc2 Rd8 32. Bc1 Qg5 33. Ng3 Qh4 34. Qxg2 Nxg2 35. Kxg2 Rd3 36. Re2 Qg4 37. Re3 Rd1 38. Bb2 Rxa1 39. Bxa1 Qd1 40. Be5 a6 41. Re4 f6 42. Rd4 Qc2 43. Rd8+ Kf7 44. Bd6 e5 45. c5 Qd3 46. Rd7+ Kg6 47. h4 f5 48. h5+ Kh6 49. Re7 f4 50. Re6+ g6 51. Rxe5 gxh5 52. Rxh5+ Kg6 53. Bxf4 Qc2 54. Rh6+ Kf7 55. Be3 Ke8 56. Rb6 Qd3 57. Re6+ Kf8 58. Rd6 Qc2 59. Rd8+ Ke7 60. Rb8 Qxa2 61. Rxb7+ Ke6 62. Rb6+ Kd7 63. Rd6+ Kc8 64. Nf5 Qc2 65. Ne7+ Kc7 66. Bf4 Qe4+ 67. Kg3 1-0

[Event "Belgrade Serbia op"]
[Site "Belgrade"]
[Date "2023.07.24"]
[Round "9"]
[White "Uskov, Artem"]
[Black "Mitev, Valentin"]
[Result "1-0"]
[WhiteElo "2371"]
[BlackElo "2252"]
[PlyCount "93"]
[EventDate "2023.07.16"]
[EventType "swiss"]
[EventRounds "9"]
[EventCountry "SRB"]
[SourceTitle "CBM 215 Extra"]
[Source "ChessBase"]
[SourceDate "2023.09.30"]
[SourceVersion "1"]
[SourceVersionDate "2023.09.30"]
[SourceQuality "1"]

1. e4 c5 2. Nf3 d6 3. d4 cxd4 4. Nxd4 Nf6 5. Nc3 Nc6 6. Bg5 Bd7 7. Qd2 Rc8 8. 0-0-0 Nxd4 9. Qxd4 Qa5 10. f4 h6 11. Bxf6 gxf6 12. Kb1 Qc5 13. Qd3 f5 14. exf5 Bxf5 15. Qf3 Be6 16. Bb5+ Kd8 17. Ba4 Bg7 18. Nd5 Bd4 19. Bb3 Bxd5 20. Qxd5 Qxd5 21. Bxd5 Be3 22. g3 e6 23. Bxb7 Rb8 24. Rxd6+ Ke7 25. Rd3 Bxf4 26. gxf4 Rxb7 27. c4 Rg8 28. Rd2 Kf6 29. Kc2 Kf5 30. Rf1 Rg4 31. Rdf2 Rh4 32. b3 a5 33. Kc3 Rd7 34. c5 Rh3+ 35. Kb2 Rhd3 36. Rc1 Ke4 37. Ka3 Kd5 38. c6 Rc7 39. Rfc2 Rd4 40. Rc5+ Kd6 41. f5 Rd5 42. Rxd5+ exd5 43. Ka4 Rxc6 44. Rxc6+ Kxc6 45. b4 d4 46. bxa5 Kc5 47. Kb3 1-0